00547nam a2200157 a 450000100100000000500170001000800410002704000250006808200160009310000260010924501110013526000580024630000210030450400310032570000330035600003660820200930075827.0120123s1989 cu 000 0 spa d aDO-SdBNPbspacBNPHU axxxxbB275t1 aBarrientos, Guillermo10aTendencias actuales en psiquiatría :bexperiencia cubana. /cGuillermo Barrientos, Hiram Castro-López. aLa Habana :bEditorial Científico-Técnica,c1989. a261 p. ;c23 cm. aBibliografía : p.257-2611 aCastro-López Ginard, Hiram